[Event "Sverdlovsk"]
[Site "Sverdlovsk"]
[Date "1989.??.??"]
[Round "?"]
[White "Tseshkovsky, Vitaly V"]
[Black "Dautov, Rustem"]
[Result "1-0"]
[WhiteElo "2520"]
[BlackElo "2535"]
[PlyCount "45"]
[EventDate "1989.10.??"]
[Source "www.chesslib.no"]
[SourceDate "2004.05.04"]

1. e4 d5 2. exd5 Nf6 3. Nf3 Nxd5 4. d4 Bg4 5. Be2 e6 6. O-O Nc6 7. h3 Bh5 8. c4 Nb6 9. Nc3 Be7 10. c5 Nd5 11. Qb3 O-O 12. Qxb7 Ndb4 13. Bf4 Bxf3 14. Bxf3 Qxd4 15. Bxc7 Qxc5 16. a3 Nc2 17. Ne4 Qf5 18. Qxc6 Nxa1 19. Rxa1 Rac8 20. Qd7 Rfe8 21. Rd1 Qg6 22. b4 f5 23. Ng3 1-0

[Event "Corr"]
[Site "?"]
[Date "1996.12.24"]
[Round "?"]
[White "Herbrechtsmeier Christof"]
[Black "Pereira Alvaro F P"]
[Result "1/2-1/2"]
[WhiteElo "2510"]
[BlackElo "2545"]
[PlyCount "37"]
[EventDate "1996.??.??"]
[Source "www.chesslib.no"]
[SourceDate "2004.05.04"]

1. e4 d5 2. exd5 Nf6 3. d4 Bg4 4. f3 Bf5 5. c4 e6 6. dxe6 Nc6 7. Be3 Bb4+ 8. Nc3 Qe7 9. Bd3 fxe6 10. Nge2 O-O-O 11. Bb1 Nxd4 12. Nxd4 c5 13. a3 cxd4 14. axb4 dxc3 15. Qb3 Bxb1 16. Rxb1 Ne4 17. O-O Nd2 18. Bxd2 cxd2 19. Rfd1 1/2-1/2

[Event "Novgorod op"]
[Site "Novgorod"]
[Date "1999.03.26"]
[Round "8"]
[White "Dvoirys, Semen I"]
[Black "Prokopchuk, Evgeny"]
[Result "1-0"]
[WhiteElo "2562"]
[BlackElo "2489"]
[PlyCount "79"]
[EventDate "1999.03.19"]
[Source "ChessBase"]
[SourceDate "1999.05.10"]

1. e4 d5 2. exd5 Nf6 3. d4 Nxd5 4. Nf3 g6 5. Nbd2 Bg7 6. c3 O-O 7. Ne4 Bf5 8. Ng3 Bg4 9. Be2 Nd7 10. O-O c6 11. Re1 Bxf3 12. Bxf3 e5 13. dxe5 Nxe5 14. Ne4 Qb6 15. Be2 f5 16. Ng5 Rfe8 17. Qc2 h6 18. Nh3 g5 19. Qxf5 Re7 20. Bd3 Nf3+ 21. gxf3 Rxe1+ 22. Kg2 Re5 23. Qh7+ Kf8 24. f4 gxf4 25. Nxf4 Ne7 26. Be3 c5 27. Be4 Rd8 28. Kh1 Qf6 29. Rg1 Rg5 30. Rxg5 hxg5 31. Nh5 Qh6 32. Nxg7 Qxg7 33. Qh5 b6 34. Bxg5 Rd6 35. h4 Re6 36. Qg4 Qf7 37. Kg2 Nc6 38. Bd5 Nd8 39. Bxe6 Nxe6 40. Qf3 1-0

[Event "Chigorin Memorial"]
[Site "St. Petersburg"]
[Date "2004.10.23"]
[Round "8.7"]
[White "Shaposhnikov, Evgeny"]
[Black "Maslak, Konstantin"]
[Result "1/2-1/2"]
[WhiteElo "2578"]
[BlackElo "2473"]
[PlyCount "117"]
[EventDate "2004.10.15"]
[Source "Roberto Alvarez"]
[SourceDate "2004.11.08"]

1. e4 d5 2. exd5 Nf6 3. Nf3 Nxd5 4. d4 g6 5. c4 Nb6 6. a4 a5 7. c5 Nd5 8. Bc4 Nc6 9. Nc3 Ncb4 10. O-O Bg7 11. Re1 O-O 12. Bg5 Re8 13. h3 c6 14. Ne4 Qc7 15. Bh4 Bf5 16. Bg3 Qd8 17. Qb3 Bxe4 18. Rxe4 e6 19. Rd1 Rc8 20. Ne5 f6 21. Nf3 b6 22. Rde1 Kf7 23. cxb6 Qxb6 24. Bd6 Qd8 25. Bc5 Qd7 26. Bxb4 Rb8 27. Qc2 Rxb4 28. h4 Re7 29. g3 Rb8 30. R4e2 Kg8 31. Qd2 Rb4 32. b3 Bf8 33. Kg2 Re8 34. Qd3 Rbb8 35. Nd2 Bb4 36. Rc1 Bxd2 37. Qxd2 Rb4 38. Rce1 Kg7 39. Re4 Re7 40. R1e2 Qd6 41. Qd3 Rb8 42. Qf3 Rbe8 43. Re1 Qd7 44. h5 g5 45. h6+ Kf7 46. Rc1 Qd6 47. Bxd5 cxd5 48. Re3 Qb4 49. Qh5+ Kf8 50. Qg4 f5 51. Qxg5 Qxd4 52. Rce1 Kf7 53. Qh5+ Kf6 54. Qe2 Kf7 55. Qa6 Qb4 56. Qe2 Qd4 57. Re5 Qg4 58. Qd2 Qb4 59. Qg5 1/2-1/2

[Event "Sarajevo"]
[Site "Sarajevo BIH"]
[Date "1971.??.??"]
[Round "4"]
[White "Ciric, Dragoljub M"]
[Black "Matulovic, Milan"]
[Result "1/2-1/2"]
[WhiteElo "2500"]
[BlackElo "2550"]
[PlyCount "39"]
[EventDate "1971.??.??"]
[Source "www.chesslib.no"]
[SourceDate "2004.05.04"]

1. e4 d5 2. exd5 Nf6 3. d4 Nxd5 4. g3 g6 5. Bg2 Bg7 6. Nf3 O-O 7. O-O Nc6 8. c3 Nb6 9. Nbd2 e5 10. dxe5 Nxe5 11. Nxe5 Bxe5 12. Nf3 Bg7 13. Bf4 c6 14. Be5 Qxd1 15. Raxd1 Bg4 16. Bxg7 Kxg7 17. Rd4 Bxf3 18. Bxf3 Rad8 19. Rfd1 Rxd4 20. Rxd4 1/2-1/2

[Event "Harplinge"]
[Site "Harplinge"]
[Date "1998.08.19"]
[Round "5"]
[White "Wedberg, Tom"]
[Black "Hodgson, Julian M"]
[Result "1-0"]
[WhiteElo "2475"]
[BlackElo "2575"]
[PlyCount "53"]
[EventDate "1998.08.15"]
[Source "ChessBase"]
[SourceDate "1998.11.30"]

1. e4 d5 2. exd5 Nf6 3. d4 Bg4 4. Be2 Bxe2 5. Qxe2 Qxd5 6. Nf3 e6 7. O-O Nc6 8. Be3 Bd6 9. c4 Qh5 10. Nc3 g5 11. g3 Ng4 12. b4 Bxb4 13. Qb2 O-O-O 14. Nb5 Ba5 15. d5 exd5 16. cxd5 Rxd5 17. Qxh8+ Rd8 18. Nxa7+ Nxa7 19. Qg7 Nxe3 20. fxe3 Bb6 21. Rae1 Re8 22. Ne5 Ba5 23. Rxf7 Kb8 24. Ref1 Qe2 25. Qxg5 Bd2 26. Ng4 Nb5 27. R7f2 1-0

[Event "Jurmala"]
[Site "Jurmala LAT"]
[Date "1978.??.??"]
[Round "7"]
[White "Ermenkov, Evgenij P"]
[Black "Gipslis, Aivars P"]
[Result "1/2-1/2"]
[WhiteElo "2520"]
[BlackElo "2525"]
[PlyCount "23"]
[EventDate "1978.??.??"]
[Source "www.chesslib.no"]
[SourceDate "2004.05.04"]

1. e4 d5 2. exd5 Nf6 3. d4 Nxd5 4. Be2 Bf5 5. Nf3 e6 6. O-O Be7 7. c4 Nb4 8. Nc3 Nc2 9. Rb1 Nb4 10. Ra1 Nc2 11. Rb1 Nb4 12. Ra1 1/2-1/2

[Event "Bergen"]
[Site "?"]
[Date "2000.??.??"]
[Round "?"]
[White "Volzhin, A."]
[Black "Gausel, E."]
[Result "1-0"]
[WhiteElo "2555"]
[BlackElo "2490"]
[PlyCount "59"]
[EventDate "2000.??.??"]
[Source "Chess Informant"]
[SourceDate "2000.10.01"]

1. e4 d5 2. exd5 Nf6 3. d4 Bg4 4. f3 Bf5 5. Bb5+ Nbd7 6. c4 a6 7. Bxd7+ Qxd7 8. Ne2 e6 9. dxe6 Qxe6 10. b3 O-O-O 11. O-O Bc5 12. Kh1 Bxd4 13. Nxd4 Qd7 14. Bb2 c5 15. b4 cxd4 16. b5 Rhe8 17. bxa6 bxa6 18. Nd2 d3 19. Bxf6 gxf6 20. c5 Re2 21. Nc4 Kc7 22. Nd6 Rc2 23. Rb1 Rxc5 24. Nb7 Rc2 25. Nxd8 Qxd8 26. Qe1 Rc5 27. Qb4 Rb5 28. Qc4+ Kd6 29. Rxb5 axb5 30. Qf4+ 1-0

[Event "Novgorod (open)"]
[Site "?"]
[Date "1995.??.??"]
[Round "?"]
[White "Balashov, Y."]
[Black "Smagin, S."]
[Result "1/2-1/2"]
[WhiteElo "2505"]
[BlackElo "2540"]
[PlyCount "54"]
[EventDate "1995.??.??"]
[Source "ChessBase"]
[SourceDate "1995.06.01"]

1. e4 d5 2. exd5 Nf6 3. Bb5+ Bd7 4. Be2 Nxd5 5. d4 Bf5 6. Nf3 e6 7. a3 Be7 8. c4 Nb6 9. Be3 O-O 10. Nc3 Bf6 11. h3 Nc6 12. g4 Bg6 13. h4 e5 14. dxe5 Nxe5 15. Nxe5 Bxe5 16. h5 Bxc3+ 17. bxc3 Be4 18. f3 Qxd1+ 19. Rxd1 Bc2 20. Rd4 Rfe8 21. Kf2 Re7 22. Rd2 Ba4 23. h6 g6 24. c5 Nd7 25. Rb1 Rae8 26. Bb5 Bxb5 27. Rxb5 b6 1/2-1/2

[Event "Metz op"]
[Site "Metz"]
[Date "2001.04.14"]
[Round "8"]
[White "Degraeve, Jean Marc"]
[Black "Krivoshey, Sergei"]
[Result "1-0"]
[WhiteElo "2589"]
[BlackElo "2455"]
[PlyCount "109"]
[EventDate "2001.04.07"]
[Source "ChessBase"]
[SourceDate "2001.05.06"]

1. e4 d5 2. exd5 Nf6 3. d4 Bg4 4. f3 Bf5 5. Bb5+ Nbd7 6. g4 Bg6 7. Nc3 a6 8. Ba4 b5 9. Bb3 Nb6 10. a4 Nfxd5 11. Nxd5 Nxd5 12. Qe2 e6 13. axb5 Bb4+ 14. Kf1 O-O 15. bxa6 c5 16. h4 h6 17. h5 Bh7 18. dxc5 Bxc5 19. Nh3 Qb6 20. g5 Ne3+ 21. Bxe3 Bxe3 22. g6 fxg6 23. Re1 Rxf3+ 24. Qxf3 Rf8 25. Kg2 Rxf3 26. Kxf3 g5 27. Rxe3 Qc6+ 28. Ke2 Qxh1 29. Nf2 Qa1 30. Rxe6 Kf8 31. Rc6 Qa5 32. Bc4 Bxc2 33. b4 Qe5+ 34. Kd2 Be4 35. Nxe4 Qxe4 36. b5 Qd4+ 37. Kc2 g4 38. Kb3 Qe3+ 39. Ka4 Qc3 40. b6 Qa1+ 41. Kb5 Qb2+ 42. Kc5 Qe5+ 43. Kb4 Qe7+ 44. Kb5 Qe5+ 45. Rc5 Qe8+ 46. Kb4 Qe1+ 47. Ka4 Qa1+ 48. Kb5 g3 49. b7 Qb2+ 50. Kc6 g2 51. Rf5+ Ke7 52. a7 Qb6+ 53. Kxb6 g1=Q+ 54. Rc5 Qb1+ 55. Bb5 1-0

[Event "Ubeda op"]
[Site "Ubeda"]
[Date "1996.??.??"]
[Round "?"]
[White "Dimitrov, Vladimir"]
[Black "Spraggett, Kevin"]
[Result "0-1"]
[WhiteElo "2495"]
[BlackElo "2545"]
[PlyCount "40"]
[EventDate "1996.01.??"]
[Source "ChessBase"]

1. e4 d5 2. exd5 Nf6 3. d4 Bg4 4. f3 Bf5 5. Bb5+ Nbd7 6. c4 e6 7. dxe6 Bxe6 8. Bxd7+ Qxd7 9. b3 b5 10. cxb5 Bb4+ 11. Kf2 Qxb5 12. Ne2 O-O 13. Na3 Qb7 14. Nc2 c5 15. Nxb4 Qxb4 16. Qd2 Qb6 17. dxc5 Qxc5+ 18. Nd4 Rfd8 19. Rd1 Qb6 20. Kg1 Rxd4 0-1